Jednotlivé druhy dovolenky a možnosti jej krátenia

Všeobecná charakteristika dovolenky. Druhy dovolenky - za kalendárny rok alebo jej pomerná časť, za odpracované dni, dodatková dovolenka - úprava. Krátenie dovolenky - úprava.

Saved in:
Bibliographic Details
Main Author: Hrtánek, Ladislav
Format: Book Chapter
Language:Slovak
Subjects:
Tags: Add Tag
No Tags, Be the first to tag this record!

MARC

LEADER 00000naa a2200000 4500
001 0211966
005 20231120135631.4
041 0 |a slo 
044 |a SK 
245 1 0 |a Jednotlivé druhy dovolenky a možnosti jej krátenia  |c Ladislav Hrtánek 
520 |a Všeobecná charakteristika dovolenky. Druhy dovolenky - za kalendárny rok alebo jej pomerná časť, za odpracované dni, dodatková dovolenka - úprava. Krátenie dovolenky - úprava. 
610 2 0 |a dovolenka 
100 1 |a Hrtánek, Ladislav